| 000 | 00760nam a2200241 u 4500 | ||
|---|---|---|---|
| 005 | 20240228063621.0 | ||
| 008 | 170208s2011 mx r 000 0 spa d | ||
| 020 | _a9789708051736 | ||
| 035 | _aUPN01000215860 | ||
| 049 | _aI | ||
| 050 | 4 |
_aPZ28 _bC7.3 |
|
| 100 | 1 |
_aCraipeau, Jean Loup, _d1948- _939806 |
|
| 245 | 1 | 0 |
_aDur-Dur enamorado de la luna / _cJean-Loup Craipeau ; il. Pierre Fouillet ; tr. Teresa Sanz de Larios. |
| 260 |
_aMéxico : _bAuroch, _c2011. |
||
| 300 |
_a45 p. : _bil. col. |
||
| 440 | 0 | _aDur Dur y mi pollito | |
| 534 |
_pTítulo original: _tDur-Dur amoureux de la lune |
||
| 650 | 4 |
_aLiteratura infantil francesa _913687 |
|
| 650 | 4 |
_aCuentos infantiles _96744 |
|
| 905 | _aInfantil | ||
| 999 |
_c187960 _d187960 |
||